|
|
|
|
| LEADER |
00000nam0a2200000 4500 |
| 001 |
376068 |
| 005 |
20231102012805.0 |
| 035 |
|
|
|a (RuTPU)RU\TPU\retro\33508
|
| 035 |
|
|
|a RU\TPU\book\276838
|
| 090 |
|
|
|a 376068
|
| 100 |
|
|
|a 20221221d1920 km y0rusy50 ca
|
| 101 |
0 |
|
|a rus
|
| 102 |
|
|
|a RU
|
| 105 |
|
|
|a ab z 001zy
|
| 200 |
1 |
|
|a Графит в России
|f П. И. Степанов
|g Российская академия наук (РАН), Комиссия по изучению естественных производительных сил России
|
| 210 |
|
|
|a Петроград
|c Первая Государственная Типография
|d 1920
|
| 215 |
|
|
|a 55 с.
|c ил., карта
|
| 225 |
1 |
|
|a Естественные производительные силы России
|v Т. 4
|h Вып. 21
|
| 300 |
|
|
|a Отдельный выпуск 21-й тома IV сборника "Естественные призводительные силы России", составленного Геологическим Комитетом в 1919 г.
|
| 316 |
|
|
|5 63413507: 179381
|a На обл. штамп: "Испорчено наводнением 23 сентября 1924 г."
|
| 317 |
|
|
|5 63413507: 179381
|a Поступила в НТБ в составе книжного собрания академика М. А. Усова.
|
| 320 |
|
|
|9 572
|a Библиография в ссылках
|
| 606 |
1 |
|
|a Графитовые месторождения
|x Геология
|2 stltpush
|3 (RuTPU)RU\TPU\subj\8582
|9 35965
|
| 610 |
1 |
|
|a графит
|
| 610 |
1 |
|
|a месторождения
|
| 610 |
1 |
|
|a библиотека М. А. Усова
|
| 610 |
1 |
|
|a поиски
|
| 610 |
1 |
|
|a разведка
|
| 610 |
1 |
|
|a Россия
|
| 610 |
1 |
|
|a минералогия
|
| 610 |
1 |
|
|a физико-химические свойства
|
| 610 |
1 |
|
|a Туркестан
|
| 610 |
1 |
|
|a Кавказ
|
| 610 |
1 |
|
|a Европейская Россия
|
| 675 |
|
|
|a 553.91
|v 3
|
| 700 |
|
1 |
|a Степанов
|b П. И.
|c профессор Ленинградского горного института (1919-1926)
|c академик АН СССР (1939)
|f 1880-1947
|g Павел Иванович
|2 stltpush
|3 (RuTPU)RU\TPU\pers\23735
|9 10416
|
| 712 |
0 |
2 |
|a Российская академия наук (РАН)
|b Комиссия по изучению естественных производительных сил России
|c (Санкт-Петербург)
|c (1917-1925)
|2 stltpush
|3 (RuTPU)RU\TPU\col\22383
|
| 801 |
|
1 |
|a RU
|b 63413507
|c 20140320
|
| 801 |
|
2 |
|a RU
|b 63413507
|c 20221221
|g RCR
|
| 942 |
|
|
|c BK
|